| 000 | 00663nam a22002297a 4500 | ||
|---|---|---|---|
| 999 |
_c6466 _d6466 |
||
| 001 | 6466 | ||
| 003 | BD-JhCC | ||
| 005 | 20180127103742.0 | ||
| 008 | 180123s1958 -uk |||| |||| 00| 0 eng d | ||
| 035 | _a(BD-JhCC)6466 | ||
| 040 |
_aBD-JhCC _dBD-JhCC |
||
| 041 | _aeng | ||
| 082 |
_a822.33 _bSHA 1958 |
||
| 100 | _aShakespeare, WIlliam | ||
| 245 |
_aThe New Clarendon Shakespeare Henry V / _cWIlliam Shakespeare edited by Ronald F. W. Fletcher |
||
| 260 |
_aLondon : _bClarendon Press, _c1958. |
||
| 300 |
_a192 p. : _c19 cm. |
||
| 600 |
_aHenry V _cKing of England _d1387-1422 |
||
| 650 | _aEnglish Orama | ||
| 700 | _aRonald F. W. Fletcher | ||
| 942 |
_2ddc _cBK |
||